English Words Formed by Latin and Greek Roots - Statistics

General Stats
  • This quiz has been taken 66,866 times
    43,971 since last reset
  • The average score is 14 of 24
Answer Stats
Roots English word % Correct
Self + Kill Suicide
88%
Hundred + Foot Centipede
80%
Life + Study of Biology
77%
Eight + Angle Octagon
73%
Meat + Eat Carnivore
72%
People + Rule Democracy
72%
Many + Marriage Polygamy
70%
Two + Year Biannual
69%
One + God Monotheism
67%
Father + Kill Patricide
62%
Foreign + Fear Xenophobia
62%
All + Powerful Omnipotent
56%
Before + Birth Prenatal
56%
Three + Foot Tripod
56%
Water + Fear Hydrophobia
55%
Fire + Crazy Pyromania
52%
Steal + Crazy Kleptomania
50%
Small + View Microscope
46%
False + Name Pseudonym
46%
Before + War Antebellum
42%
Book + Love Bibliophile
42%
Star + Sailor Astronaut
41%
Same + Sound Homophone
37%
Pressure + Measure Barometer
35%
No matching quizzes found
Score Distribution
Percent of People with Each Score
Percentile by Number Answered
Your Score History
You have not taken this quiz since the last reset